World History Quick Cities 2 - Statistics

General Stats
  • This quiz has been taken 27 times
  • The average score is 24 of 25
Answer Stats
Hint Answer % Correct
Kabul Afghanistan
100%
Sao Paulo Brazil
100%
Montreal Canada
100%
Beijing China
100%
Shanghai China
100%
Havana Cuba
100%
New Delhi India
100%
Mumbai India
100%
Baghdad Iraq
100%
Dublin Ireland
100%
Jerusalem Israel
100%
Osaka Japan
100%
Beirut Lebanon
100%
Warsaw Poland
100%
St. Petersburg Russia
100%
Mecca Saudi Arabia
100%
Seoul South Korea
100%
Damascus Syria
100%
Bangkok Thailand
100%
Kiev Ukraine
100%
Hanoi Vietnam
100%
Nairobi Kenya
94%
Dhaka Bangladesh
89%
Lagos Nigeria
89%
Accra Ghana
67%
No matching quizzes found
Score Distribution
Percent of People with Each Score
Percentile by Number Answered
Your Score History
You have not taken this quiz